000 00381nam a22001577a 4500
003 MPLRDC
005 20220104143208.0
008 210129b ||||| |||| 00| 0 eng d
082 _a446.19 QK
100 _a秦昆编著
245 _a电动机械模型
_c
260 _a
_b香港万里书店
_c1974
300 _b
650 _a机械设计与制图
942 _cBK
_o446.19 QK
999 _c37538
_d37528